[Event "Sabaneta op-B 1st"]
[Site "Sabaneta"]
[Date "2022.11.27"]
[Round "4"]
[White "Suaza Builes, Oscar A"]
[Black "Florez, Santiago"]
[Result "0-1"]
[WhiteElo "1431"]
[BlackElo "1710"]
[PlyCount "76"]
[EventDate "2022.11.25"]
[EventType "swiss"]
[EventRounds "8"]
[EventCountry "COL"]
[SourceTitle "CBM 211 Extra"]
[Source "ChessBase"]
[SourceDate "2023.01.31"]
[SourceVersion "1"]
[SourceVersionDate "2023.01.31"]
[SourceQuality "1"]

1. d4 d5 2. Bf4 Nf6 3. e3 e6 4. Nd2 Bd6 5. Ngf3 c5 6. c3 Nc6 7. Bd3 Qe7 8. Rc1 e5 9. dxe5 Nxe5 10. Bb1 Nxf3+ 11. Qxf3 Bg4 12. Qg3 Bxf4 13. Qxf4 0-0 14. 0-0 Rad8 15. h3 Bh5 16. Rfe1 Rfe8 17. a3 Bg6 18. Bxg6 hxg6 19. Nf3 Ne4 20. Rcd1 g5 21. Qh2 Qf6 22. Re2 Qb6 23. Rc2 Qb3 24. Rdc1 Re6 25. Qc7 Rde8 26. Nd2 Qb5 27. Nxe4 Rxe4 28. Qg3 d4 29. cxd4 cxd4 30. exd4 Rxd4 31. Rc8 Rd1+ 32. Rxd1 Rxc8 33. b4 Qe2 34. Qd3 Qb2 35. Qe3 Qc2 36. Rd7 Qc6 37. Qe7 Qc1+ 38. Rd1 Qxd1+ 0-1

[Event "Medellin Aristizabal Cup"]
[Site "Medellin"]
[Date "2020.11.21"]
[Round "4"]
[White "Florez, Santiago"]
[Black "Toro Castaneda, Elizabeth"]
[Result "0-1"]
[WhiteElo "1758"]
[BlackElo "1989"]
[PlyCount "55"]
[EventDate "2020.11.18"]
[EventType "swiss"]
[EventRounds "7"]
[EventCountry "COL"]
[SourceTitle "CBM 199 Extra"]
[Source "ChessBase"]
[SourceDate "2021.01.31"]
[SourceVersion "1"]
[SourceVersionDate "2021.01.31"]
[SourceQuality "1"]

1. d4 Nf6 2. Nf3 g6 3. Bf4 Bg7 4. e3 c5 5. Be2 0-0 6. h3 d6 7. c3 Qb6 8. Qb3 Be6 9. Qxb6 axb6 10. a3 cxd4 11. Nxd4 Bd5 12. Nf3 Bc6 13. Nbd2 Nd5 14. Bg3 Nd7 15. 0-0 b5 16. Nd4 Nc7 17. Bh4 Rfe8 18. N2b3 Ne5 19. Nd2 Ra4 20. Bg3 Nc4 21. Nxc4 bxc4 22. Nc2 Na6 23. Nb4 d5 24. Rad1 Nxb4 25. cxb4 Bxb2 26. b5 Bd7 27. Rxd5 Be6 28. Rc5 0-1

[Event "Antioquia op"]
[Site "Antioquia"]
[Date "2020.03.04"]
[Round "3"]
[White "Llano Buritica, Eduardo Alejandro"]
[Black "Florez, Santiago"]
[Result "1-0"]
[WhiteElo "1944"]
[BlackElo "1694"]
[PlyCount "72"]
[EventDate "2020.03.03"]
[EventType "swiss"]
[EventRounds "9"]
[EventCountry "COL"]
[SourceTitle "CBM 195 Extra"]
[Source "ChessBase"]
[SourceDate "2020.05.31"]
[SourceVersion "1"]
[SourceVersionDate "2020.05.31"]
[SourceQuality "1"]

1. d4 d5 2. c4 e6 3. Nc3 Nf6 4. cxd5 exd5 5. Bg5 Be7 6. e3 c6 7. Bd3 0-0 8. Nge2 h6 9. Bh4 Re8 10. Qc2 Ne4 11. Bg3 f5 12. 0-0-0 b5 13. Kb1 Na6 14. Qb3 Nb4 15. Nxe4 Nxd3 16. Nd2 Nb4 17. a3 Na6 18. Nf3 Bd6 19. Bxd6 Qxd6 20. Nf4 Nc7 21. Nd3 a5 22. Rc1 Ne6 23. Nfe5 Bb7 24. Rc2 Rf8 25. f4 Rfc8 26. Nc5 Nxc5 27. Rxc5 Rf8 28. Rg1 Qe6 29. Qc2 Rac8 30. h3 Rcd8 31. g4 Rd6 32. Qg2 Bc8 33. b3 g6 34. Kb2 Kh7 35. Qd2 fxg4 36. hxg4 Qf6 1-0

[Event "Antioquia op"]
[Site "Antioquia"]
[Date "2020.03.03"]
[Round "1"]
[White "Caicedo Gomez, Javier Dario"]
[Black "Florez, Santiago"]
[Result "0-1"]
[WhiteElo "1078"]
[BlackElo "1694"]
[PlyCount "54"]
[EventDate "2020.03.03"]
[EventType "swiss"]
[EventRounds "9"]
[EventCountry "COL"]
[SourceTitle "CBM 195 Extra"]
[Source "ChessBase"]
[SourceDate "2020.05.31"]
[SourceVersion "1"]
[SourceVersionDate "2020.05.31"]
[SourceQuality "1"]

1. d4 d5 2. Bf4 Nf6 3. e3 e6 4. Nf3 Bd6 5. Bg3 c5 6. c3 Nc6 7. Bd3 Qe7 8. Ne5 Bxe5 9. Bxe5 Nxe5 10. dxe5 Nd7 11. Bb5 a6 12. Bxd7+ Bxd7 13. 0-0 0-0 14. Nd2 Bc6 15. Nf3 f6 16. Qc2 Qc7 17. exf6 Rxf6 18. a3 Raf8 19. Qe2 Rh6 20. h3 Bb5 21. Qd2 Rxf3 22. gxf3 Qf7 23. Qd1 Qg6+ 24. Kh2 Qh5 25. Kg3 Qxh3+ 26. Kf4 Qf5+ 27. Kg3 Qg5# 0-1

[Event "Medellin Aristizabal Cup"]
[Site "Medellin"]
[Date "2020.02.01"]
[Round "4"]
[White "Florez, Santiago"]
[Black "Manrique Bermudez, Josue"]
[Result "1-0"]
[WhiteElo "1716"]
[BlackElo "1325"]
[PlyCount "61"]
[EventDate "2020.01.29"]
[EventType "swiss"]
[EventRounds "7"]
[EventCountry "COL"]
[SourceTitle "CBM 194 Extra"]
[Source "ChessBase"]
[SourceDate "2020.03.31"]
[SourceVersion "1"]
[SourceVersionDate "2020.03.31"]
[SourceQuality "1"]

1. d4 Nf6 2. Nf3 e6 3. Bf4 b6 4. e3 Bb7 5. Bd3 c5 6. c3 cxd4 7. exd4 Nc6 8. 0-0 Be7 9. Nbd2 0-0 10. h3 Rc8 11. Qe2 Nd5 12. Bh2 f5 13. Ne5 Rf6 14. Rfe1 Nxe5 15. Bxe5 Rg6 16. Nf3 Bf6 17. Bg3 Qe7 18. a3 Bg5 19. c4 Nf4 20. Bxf4 Bxf4 21. Bxf5 Bxf3 22. Qxf3 Rf6 23. Qxf4 Rcf8 24. Bxh7+ Kxh7 25. Qh4+ Kg8 26. Re5 Qf7 27. Rh5 Qg6 28. Rh8+ Kf7 29. Rxf8+ Kxf8 30. Qh8+ Ke7 31. d5 1-0

[Event "Pan American-ch School U15"]
[Site "Medellin"]
[Date "2019.11.15"]
[Round "6"]
[White "Gonzalez De la Guardia, Luis Emilio"]
[Black "Florez, Santiago"]
[Result "1/2-1/2"]
[WhiteElo "1439"]
[BlackElo "1744"]
[PlyCount "45"]
[EventDate "2019.11.12"]
[EventType "swiss"]
[EventRounds "9"]
[EventCountry "COL"]
[SourceTitle "CBM 193 Extra"]
[Source "ChessBase"]
[SourceDate "2020.01.31"]
[SourceVersion "1"]
[SourceVersionDate "2020.01.31"]
[SourceQuality "1"]

1. e4 c5 2. Nf3 e6 3. d4 cxd4 4. Nxd4 Nf6 5. Nc3 Nc6 6. a3 d5 7. Bb5 Bd7 8. exd5 Nxd4 9. Bxd7+ Qxd7 10. Qxd4 b6 11. Bg5 Bc5 12. Qh4 Nxd5 13. 0-0-0 f6 14. Nxd5 exd5 15. Rhe1+ Kf7 16. Be3 g6 17. Bd4 Bxd4 18. Rxd4 Kg7 19. Rxd5 Qxd5 20. Re7+ Qf7 21. Rxf7+ Kxf7 22. Qc4+ Kg7 23. Qc7+ 1/2-1/2

[Event "Medellin Aristizabal Cup"]
[Site "Medellin"]
[Date "2019.06.24"]
[Round "6"]
[White "Florez, Santiago"]
[Black "Chirivi Castiblanco, Jenny Astrid"]
[Result "0-1"]
[WhiteElo "1735"]
[BlackElo "2081"]
[PlyCount "52"]
[EventDate "2019.06.21"]
[EventType "swiss"]
[EventRounds "7"]
[EventCountry "COL"]
[SourceTitle "EXT 2020"]
[Source "ChessBase"]
[SourceDate "2019.10.17"]
[SourceVersion "1"]
[SourceVersionDate "2019.10.17"]
[SourceQuality "1"]

1. d4 d5 2. Nf3 Nf6 3. Bf4 c5 4. e3 Nc6 5. c3 Qb6 6. Qb3 c4 7. Qxb6 axb6 8. Nbd2 b5 9. Ne5 Nxe5 10. Bxe5 Bf5 11. f3 e6 12. Bxf6 gxf6 13. a3 b4 14. cxb4 Bxb4 15. Rc1 Ba5 16. e4 Bg6 17. Kd1 Bb6 18. b3 Bxd4 19. bxc4 dxe4 20. fxe4 Rxa3 21. Be2 Ke7 22. Rb1 b6 23. Kc2 Ra2+ 24. Kd3 Rd8 25. Rhd1 f5 26. Bf3 Bg7+ 0-1

[Event "COL-ch U2000"]
[Site "Pereira"]
[Date "2019.03.23"]
[Round "5"]
[White "Florez, Santiago"]
[Black "Vanegas, Ricardo"]
[Result "1-0"]
[WhiteElo "1667"]
[BlackElo "1818"]
[PlyCount "69"]
[EventDate "2019.03.21"]
[EventType "swiss"]
[EventRounds "9"]
[EventCountry "COL"]
[SourceTitle "CBM 189 Extra"]
[Source "ChessBase"]
[SourceDate "2019.06.03"]
[SourceVersion "1"]
[SourceVersionDate "2019.06.03"]
[SourceQuality "1"]

1. d4 Nf6 2. Nf3 c5 3. e3 g6 4. Bd3 Bg7 5. c3 Qc7 6. 0-0 d5 7. Ne5 Nfd7 8. f4 f6 9. Nf3 e6 10. Nbd2 Nc6 11. Qe2 0-0 12. Nh4 f5 13. Nhf3 a6 14. Ne5 Bxe5 15. fxe5 Nd8 16. Rf3 Rf7 17. Rg3 Rg7 18. Nf3 Nf8 19. Bd2 Bd7 20. Be1 Rc8 21. Rh3 Qb6 22. Bh4 Bb5 23. Rb1 Bxd3 24. Qxd3 c4 25. Qe2 Qa5 26. a3 Nc6 27. Bf6 Rgc7 28. Qf2 h5 29. Qg3 Kf7 30. Ng5+ Kg8 31. Nxe6 Nxe6 32. Qxg6+ Rg7 33. Qxh5 Ncd8 34. Qe8+ Nf8 35. Rh8+ 1-0

[Event "COL-ch U2000"]
[Site "Pereira"]
[Date "2019.03.22"]
[Round "3"]
[White "Florez, Santiago"]
[Black "Hernandez, Jeronimo"]
[Result "0-1"]
[WhiteElo "1667"]
[BlackElo "1851"]
[PlyCount "101"]
[EventDate "2019.03.21"]
[EventType "swiss"]
[EventRounds "9"]
[EventCountry "COL"]
[SourceTitle "CBM 189 Extra"]
[Source "ChessBase"]
[SourceDate "2019.06.03"]
[SourceVersion "1"]
[SourceVersionDate "2019.06.03"]
[SourceQuality "1"]

1. d4 Nf6 2. Nf3 g6 3. Bf4 Bg7 4. e3 c5 5. c3 b6 6. Be2 Bb7 7. 0-0 0-0 8. h3 d6 9. Nbd2 Nbd7 10. a4 a6 11. Bh2 Rb8 12. b4 Nd5 13. Qb3 cxb4 14. cxb4 a5 15. b5 e5 16. Nc4 Qe7 17. Rfe1 Rbc8 18. Rad1 Ba8 19. Nfd2 Nb4 20. Bf3 d5 21. Nxe5 Nxe5 22. dxe5 Bxe5 23. Bxe5 Qxe5 24. Rc1 Kg7 25. Bg4 Rxc1 26. Rxc1 d4 27. exd4 Qxd4 28. Qc3 Qxc3 29. Rxc3 Bd5 30. Bf3 Rd8 31. Bxd5 Rxd5 32. Nf1 Rd1 33. Ra3 Nd3 34. g3 Nc5 35. Kg2 Rd4 36. Ne3 Rxa4 37. Rxa4 Nxa4 38. Nc4 Kf6 39. Kf3 Ke6 40. Ke4 Nc3+ 41. Kd3 Nxb5 42. Nxb6 Nd6 43. Kd4 h5 44. Na4 h4 45. g4 Nb7 46. Nb6 f5 47. f3 Nd6 48. Ke3 Kf6 49. Na4 Ke6 50. Kf4 fxg4 51. fxg4 0-1

[Event "COL-ch U2000"]
[Site "Pereira"]
[Date "2019.03.22"]
[Round "2"]
[White "Martinez Paipa, Hernan"]
[Black "Florez, Santiago"]
[Result "0-1"]
[WhiteElo "1797"]
[BlackElo "1667"]
[PlyCount "38"]
[EventDate "2019.03.21"]
[EventType "swiss"]
[EventRounds "9"]
[EventCountry "COL"]
[SourceTitle "CBM 189 Extra"]
[Source "ChessBase"]
[SourceDate "2019.06.03"]
[SourceVersion "1"]
[SourceVersionDate "2019.06.03"]
[SourceQuality "1"]

1. e4 c5 2. Nf3 e6 3. d4 cxd4 4. Nxd4 Nf6 5. Bd3 Nc6 6. Nf3 d5 7. exd5 Nxd5 8. 0-0 Bd6 9. Nbd2 0-0 10. Ne4 Bc7 11. Bg5 f6 12. Bd2 e5 13. Bc4 Kh8 14. h3 Bf5 15. Ng3 Bg6 16. Bb3 Nde7 17. Qe2 Nd4 18. Nxd4 Qxd4 19. Be3 Qxb2 0-1

[Event "COL-ch U20"]
[Site "Medellin"]
[Date "2019.03.15"]
[Round "5"]
[White "Leon Acevedo, Juan Alejandro"]
[Black "Florez, Santiago"]
[Result "1-0"]
[WhiteElo "1678"]
[BlackElo "1667"]
[PlyCount "81"]
[EventDate "2019.03.13"]
[EventType "swiss"]
[EventRounds "7"]
[EventCountry "COL"]
[SourceTitle "CBM 189 Extra"]
[Source "ChessBase"]
[SourceDate "2019.06.03"]
[SourceVersion "1"]
[SourceVersionDate "2019.06.03"]
[SourceQuality "1"]

1. d4 d5 2. Nf3 Nf6 3. g3 e6 4. Bg2 Bd6 5. 0-0 Nbd7 6. c4 c6 7. b3 0-0 8. Bb2 Qe7 9. Nc3 Ne4 10. Nxe4 dxe4 11. Nd2 f5 12. e3 Qg5 13. Qe2 Bb4 14. a3 Bd6 15. Rad1 Nf6 16. b4 Bd7 17. f3 exf3 18. Nxf3 Qh5 19. Rfe1 Ng4 20. Rd2 Qh6 21. Bf1 Be8 22. Rd3 Bh5 23. Qg2 g5 24. Ba1 Qg6 25. Rb3 f4 26. exf4 gxf4 27. Bd3 Qh6 28. gxf4 Rxf4 29. h3 Kf7 30. c5 Ne3 31. Bg6+ Qxg6 32. Ng5+ Kg8 33. Rbxe3 Rf5 34. h4 Bf4 35. Rxe6 Rf6 36. d5 Rxe6 37. dxe6 h6 38. Ne4 Qxg2+ 39. Kxg2 Be8 40. Rf1 Bc7 41. Nf6+ 1-0

[Event "Medellin Flores op 25th"]
[Site "Medellin"]
[Date "2018.08.04"]
[Round "2"]
[White "Carvajal, Jorge Ivan"]
[Black "Florez, Santiago"]
[Result "1-0"]
[WhiteElo "2034"]
[BlackElo "1715"]
[PlyCount "73"]
[EventDate "2018.08.03"]
[EventType "swiss"]
[EventRounds "9"]
[EventCountry "COL"]
[SourceTitle "CBM 185 Extra"]
[Source "ChessBase"]
[SourceDate "2018.07.29"]
[SourceVersion "1"]
[SourceVersionDate "2018.07.29"]
[SourceQuality "1"]

1. e4 c5 2. Nf3 e6 3. d3 Nc6 4. g3 d5 5. Nbd2 Nf6 6. Bg2 Be7 7. 0-0 0-0 8. e5 Nd7 9. Re1 f6 10. exf6 Bxf6 11. h4 Nde5 12. Nxe5 Nxe5 13. f4 Nc6 14. Nf3 Qd6 15. c3 d4 16. c4 e5 17. Ng5 Bxg5 18. hxg5 Bf5 19. g4 Be6 20. f5 Bd7 21. Bd5+ Kh8 22. Be4 Rab8 23. Kg2 Ne7 24. Rf1 Qc7 25. Qe2 b5 26. b3 Bc6 27. Kg3 Qb7 28. Bxc6 Nxc6 29. Rh1 Nb4 30. Bd2 Nc2 31. Raf1 Ne3 32. Bxe3 dxe3 33. Rxh7+ Kxh7 34. Qh2+ Kg8 35. g6 Rfe8 36. Qh7+ Kf8 37. f6 1-0

[Event "Medellin Flores op 25th"]
[Site "Medellin"]
[Date "2018.08.04"]
[Round "3"]
[White "Florez, Santiago"]
[Black "Serrato, Rafael Antonio"]
[Result "1-0"]
[WhiteElo "1715"]
[BlackElo "1851"]
[PlyCount "69"]
[EventDate "2018.08.03"]
[EventType "swiss"]
[EventRounds "9"]
[EventCountry "COL"]
[SourceTitle "CBM 185 Extra"]
[Source "ChessBase"]
[SourceDate "2018.07.29"]
[SourceVersion "1"]
[SourceVersionDate "2018.07.29"]
[SourceQuality "1"]

1. f4 c5 2. Nf3 Nc6 3. e3 d5 4. b3 Nf6 5. Bb2 e6 6. Bb5 Qb6 7. Qe2 Be7 8. 0-0 0-0 9. Bxc6 bxc6 10. d3 Ba6 11. c4 dxc4 12. dxc4 Rad8 13. Nc3 Rd7 14. Ne5 Rdd8 15. Na4 Qc7 16. Ba3 Ne4 17. Nd3 Qa5 18. Ne5 Bb7 19. Qc2 f5 20. Rad1 g5 21. Bb2 Bf6 22. Nd7 Rxd7 23. Rxd7 Bc8 24. Rdd1 gxf4 25. exf4 Bxb2 26. Qxb2 Rd8 27. Qe5 Kf7 28. Rxd8 Qxd8 29. Nxc5 Qb6 30. b4 Nd2 31. Rd1 Qxb4 32. Qc7+ Kf6 33. Qxc6 Qxc4 34. Qxc8 Ne4 35. Nd7+ 1-0

[Event "Medellin Aristizabal Cup"]
[Site "Medellin"]
[Date "2018.07.08"]
[Round "7"]
[White "Restrepo, Hugo"]
[Black "Florez, Santiago"]
[Result "0-1"]
[WhiteElo "1709"]
[BlackElo "1599"]
[PlyCount "50"]
[EventDate "2018.07.04"]
[EventType "swiss"]
[EventRounds "7"]
[EventCountry "COL"]
[SourceTitle "CBM 185 Extra"]
[Source "ChessBase"]
[SourceDate "2018.07.29"]
[SourceVersion "1"]
[SourceVersionDate "2018.07.29"]
[SourceQuality "1"]

1. e4 c5 2. Nf3 e6 3. d4 cxd4 4. Nxd4 Nf6 5. Nc3 Nc6 6. Be2 Bb4 7. Bf3 a6 8. 0-0 0-0 9. Re1 d5 10. Nxc6 bxc6 11. e5 Nd7 12. Bf4 f6 13. exf6 Qxf6 14. Bd2 Ne5 15. Re3 Bc5 16. Rxe5 Qxe5 17. Qf1 Bd6 18. g3 Rxf3 19. Bf4 Rxf4 20. gxf4 Qxf4 21. Qg2 Rb8 22. Nd1 e5 23. b3 Bg4 24. Ne3 Bf3 25. Qg3 Qf6 0-1

[Event "Medellin Aristizabal Cup"]
[Site "Medellin"]
[Date "2018.07.06"]
[Round "3"]
[White "Florez, Santiago"]
[Black "Martinez, Mauricio"]
[Result "0-1"]
[WhiteElo "1599"]
[BlackElo "1947"]
[PlyCount "102"]
[EventDate "2018.07.04"]
[EventType "swiss"]
[EventRounds "7"]
[EventCountry "COL"]
[SourceTitle "CBM 185 Extra"]
[Source "ChessBase"]
[SourceDate "2018.07.29"]
[SourceVersion "1"]
[SourceVersionDate "2018.07.29"]
[SourceQuality "1"]

1. f4 d5 2. Nf3 Nd7 3. e3 e6 4. b3 g6 5. Bb2 Ngf6 6. Be2 Bg7 7. 0-0 0-0 8. h3 Ne4 9. Bxg7 Kxg7 10. d3 Qf6 11. Nbd2 Nxd2 12. Qxd2 c5 13. e4 d4 14. e5 Qe7 15. Rae1 b6 16. Ng5 Bb7 17. Bf3 Bxf3 18. Rxf3 h6 19. Ne4 f5 20. Nd6 h5 21. Qf2 Rh8 22. Rg3 Rag8 23. Nb5 Nf8 24. Nd6 Nd7 25. h4 Kh7 26. Rg5 Nf8 27. Qg3 Kh6 28. Rf1 Nd7 29. Nc8 Qe8 30. Nd6 Qe7 31. Nc8 Qe8 32. Nd6 Qf8 33. Qf3 Rh7 34. Qg3 Qa8 35. Qf2 Rhg7 36. Qg3 Qd8 37. Qf3 Nf8 38. Qg3 Kh7 39. Qf2 Nd7 40. Qf3 Qa8 41. Qg3 Nf8 42. Qf2 Kh6 43. Rg3 Nh7 44. Qe2 Rd7 45. Rf2 Qf8 46. Rf1 Nf6 47. Nxf5+ exf5 48. exf6 Qxf6 49. Qf2 Re7 50. Re1 Rge8 51. Rxe7 Qxe7 0-1

[Event "Antioquia op-B"]
[Site "Medellin"]
[Date "2018.04.29"]
[Round "6"]
[White "Florez, Santiago"]
[Black "Ramos, Jorge Andres"]
[Result "0-1"]
[WhiteElo "1596"]
[BlackElo "1694"]
[PlyCount "90"]
[EventDate "2018.04.25"]
[EventType "swiss"]
[EventRounds "7"]
[EventCountry "COL"]
[SourceTitle "CBM 184 Extra"]
[Source "ChessBase"]
[SourceDate "2018.06.28"]
[SourceVersion "1"]
[SourceVersionDate "2018.06.28"]
[SourceQuality "1"]

1. f4 d5 2. Nf3 c5 3. e3 Nf6 4. b3 e6 5. Bb2 Be7 6. Be2 b6 7. 0-0 Ba6 8. Ne5 Bxe2 9. Qxe2 0-0 10. d3 Qc7 11. Nd2 Nc6 12. Ndf3 Rfd8 13. Nxc6 Qxc6 14. Ne5 Qc7 15. Qf3 Rac8 16. g4 Nd7 17. g5 Nxe5 18. Bxe5 Bd6 19. Bb2 c4 20. Bd4 cxd3 21. cxd3 Qc2 22. Rfd1 Ba3 23. f5 Bb2 24. Bxb2 Qxb2 25. f6 Rc2 26. h4 Qe5 27. Rdc1 Rdc8 28. Re1 Qh2+ 29. Kf1 Qxh4 30. Re2 Qxg5 31. fxg7 Qxg7 32. Rg2 Rxg2 33. Qxg2 Qxg2+ 34. Kxg2 Rc3 35. Rd1 Rc2+ 36. Kf3 Rxa2 37. Rc1 Ra3 38. Rc3 b5 39. d4 a5 40. e4 dxe4+ 41. Kxe4 a4 42. Rc8+ Kg7 43. bxa4 bxa4 44. Ra8 Ra1 45. Ra5 a3 0-1

[Event "Antioquia op-B"]
[Site "Medellin"]
[Date "2018.04.28"]
[Round "4"]
[White "Olarte Ospina, Manuel"]
[Black "Florez, Santiago"]
[Result "1/2-1/2"]
[WhiteElo "1946"]
[BlackElo "1596"]
[PlyCount "77"]
[EventDate "2018.04.25"]
[EventType "swiss"]
[EventRounds "7"]
[EventCountry "COL"]
[SourceTitle "CBM 184 Extra"]
[Source "ChessBase"]
[SourceDate "2018.06.28"]
[SourceVersion "1"]
[SourceVersionDate "2018.06.28"]
[SourceQuality "1"]

1. Nf3 d5 2. b3 Nf6 3. Bb2 Nc6 4. e3 Bg4 5. Bb5 e6 6. d3 Bd6 7. h3 Bxf3 8. Qxf3 e5 9. Nd2 0-0 10. Bxc6 bxc6 11. 0-0 Qe7 12. c4 Rfe8 13. Qe2 e4 14. d4 Bb4 15. Nb1 Nd7 16. a3 Bd6 17. c5 Bxc5 18. dxc5 Nxc5 19. Bd4 Nxb3 20. Qb2 Nxa1 21. Rc1 Nb3 22. Qxb3 Qd7 23. Qc3 Re6 24. Nd2 Rg6 25. Kh2 Qf5 26. f4 exf3 27. Nxf3 Qe4 28. Rg1 Qe7 29. Ne5 Re6 30. Rf1 f6 31. Nd3 Qd6+ 32. Kg1 a5 33. Nc5 Ree8 34. Nb7 Qe6 35. Nxa5 Ra6 36. Nb7 Qe7 37. Nc5 Ra7 38. a4 Rea8 39. Ra1 1/2-1/2